000 00810nam0a22002291 4500
001 rc\129006
005 20250620201458.0
035 _a(NLR Aleph) 005404040
090 _a7303604
_c7303604
100 _a20030307d1993 |||y0rusy50 ca
101 0 _arus
102 _aRU
105 _ay |||||||||
200 1 _aСистема качества по МС ИСО серии 9000
_e(Руководство по качеству и макеты общесистем. документов)
_fПром. акад. Каф. систем качества
210 _aЛюберцы
_cБ. и.
_d1993
215 _a157, [1] с.
_d20
700 1 _aБарамзин
_bС.В.
_gСергей Васильевич
801 0 _aRU
_bNLR
_gpsbo
801 1 _aRU
_bELAR
_2rusmarc
852 _aNLR
_j93-3/1106
942 _cBOOK
980 _aNB